Families and social networks /

Bibliographic Details
Corporate Author: National Council on Family Relations
Other Authors: Milardo, Robert M.
Format: Book
Language:English
Published: Newbury Park : Sage Publications, [1988]
Series:New perspectives on family.
Subjects:

MARC

Tag First Indicator Second Indicator Subfields
LEADER 00000cam a2200000 a 4500
001 in00000025083
005 20151007055721.0
008 870708s1988 caua b 00000 eng
010 |a  87020462  
020 |a 080392643X 
020 |a 0803926448 (pbk.) 
035 |a (OCoLC)16277616 
035 |9 AAB9059AM 
040 |a DLC  |c DLC  |d TXA  |d UtOrBLW 
043 |a n-us--- 
049 |a TXAM  |c [A11089250] 
050 0 0 |a HQ536  |b .F3335 1988 
082 0 |a 306.8/5/0973  |2 19 
245 0 0 |a Families and social networks /  |c edited by Robert M. Milardo. 
264 1 |a Newbury Park :  |b Sage Publications,  |c [1988] 
264 4 |c ©1988 
300 |a 237 pages :  |b illustrations ;  |c 23 cm. 
336 |a text  |b txt  |2 rdacontent 
337 |a unmediated  |b n  |2 rdamedia 
338 |a volume  |b nc  |2 rdacarrier 
490 1 |a New perspectives on family 
500 |a "Published in cooperation with the National Council on Family Relations." 
504 |a Includes bibliographies. 
650 0 |a Families  |z United States. 
650 0 |a Social networks  |z United States. 
700 1 |a Milardo, Robert M. 
710 2 |a National Council on Family Relations. 
830 0 |a New perspectives on family. 
999 |a MARS 
999 f f |s a118973a-e955-33b7-ba1b-ab4fe3b1f9eb  |i 89ed3186-b3bd-3425-90f0-d6ea37f8e646  |t 0 
952 f f |p ric  |a Texas A&M University  |b Rellis Campus  |c Joint Library Facility  |s JLF  |d Remote Storage  |t 0  |e HQ536 .F3335 1988  |h Library of Congress classification  |i unmediated -- volume  |m A14811089250 
998 f f |a HQ536 .F3335 1988  |t 0  |l Remote Storage